000 00880nam a2200241 a 4500
001 13999
003 BD-JhCC
005 20240523102737.0
008 180802s1998 bg |||| ||a| 000 0 mul d
020 _a9840604546
035 _a(BD-JhCC)13999
040 _aBD-JhCC
_dBD-JhCC
041 _amul
082 _a297.63
_bHAI 1998
100 _a কায়কল,ড. মহাম্মদ হোসাইন
245 _aমহানবী (সা;) জীবন চরিত /
_bড. মহাম্মদ হোসাইন কায়কল, অনু: মওলানা আবদুল আউয়াল।
260 _aঢাকা :
_bইফাবা;
_c1998.
300 _a৬৪৪ পৃ. :
_c২১ সেমি.
600 _aProphet Mohammad (SM)
650 _aIslam
700 _a আউয়াল, মওলানা আবদুল
942 _2ddc
_cBK
999 _c13999
_d13999